<?xml version="1.0" encoding="UTF-8"?>
<record
    xmlns:xsi="http://www.w3.org/2001/XMLSchema-instance"
    xsi:schemaLocation="http://www.loc.gov/MARC21/slim http://www.loc.gov/standards/marcxml/schema/MARC21slim.xsd"
    xmlns="http://www.loc.gov/MARC21/slim">

  <leader>01967nam a22001937a 4500</leader>
  <controlfield tag="003">CUTN</controlfield>
  <controlfield tag="005">20251022151906.0</controlfield>
  <controlfield tag="008">251022b        |||||||| |||| 00| 0 eng d</controlfield>
  <datafield tag="041" ind1=" " ind2=" ">
    <subfield code="a">English</subfield>
  </datafield>
  <datafield tag="082" ind1=" " ind2=" ">
    <subfield code="2">23</subfield>
    <subfield code="a">781.629</subfield>
    <subfield code="b">SUR</subfield>
  </datafield>
  <datafield tag="100" ind1=" " ind2=" ">
    <subfield code="a"> Suresh, Vidya Bhavani</subfield>
  </datafield>
  <datafield tag="245" ind1=" " ind2=" ">
    <subfield code="a">50 Evergreen Ragas of Carnatic Music /</subfield>
    <subfield code="c">Vidya Bhavani Suresh</subfield>
  </datafield>
  <datafield tag="260" ind1=" " ind2=" ">
    <subfield code="a">Chennai:</subfield>
    <subfield code="b">Skanda Publications &amp; Vidya Bhavani Suresh,</subfield>
    <subfield code="c">2014.</subfield>
  </datafield>
  <datafield tag="300" ind1=" " ind2=" ">
    <subfield code="a">263 p. ; pbk.</subfield>
    <subfield code="b">col.ill.:</subfield>
    <subfield code="c">22 cm.</subfield>
  </datafield>
  <datafield tag="520" ind1=" " ind2=" ">
    <subfield code="a">Bharatanatyam Exponent, musicologist, researcher, choreographer, orator, author- these are but a few attributes of the multi-faceted personality Vidya Bhavani Suresh. Vidya began her formal training in Bharatanatyam under the eminent guru, V.P. Dhananjayan. She continued and completed her tutelage under the renowned guru K.J. Sarasa. After a continuous and strenuous learning experience of 12 years, Vidya had her Arangetram (first formal performance), at the age of 16 years. From then on, Vidya has been an active and innovative performer and researcher. Her performances have always stood apart for their profound research-based content and uniqueness. It has always been Vidya's attempt to take Bharatanatyam very close to the common viewer. Being equally alert to social problems, Vidya has also presented full-length thought-provoking programmes highlighting child labour, unemployment. women's problems, etc.

Vidya is also an accomplished Carnatic music singer, having undergone systematic training in the form. She continues to enrich her repertoire by continuing her association and training with her guru, the reputed Vidushi, A.P. Komala. Vidya's deep knowledge of Carnatic music has enabled her to specialise as a musicologist. Vidya has written more than 14 small books and 3 large and detailed tomes on Carnatic music, which are widely respected as authentic and authoritative books on the subject.</subfield>
  </datafield>
  <datafield tag="650" ind1=" " ind2=" ">
    <subfield code="a">Carnatic Music</subfield>
  </datafield>
  <datafield tag="690" ind1=" " ind2=" ">
    <subfield code="a">Music</subfield>
  </datafield>
  <datafield tag="942" ind1=" " ind2=" ">
    <subfield code="2">ddc</subfield>
    <subfield code="c">BOOKS</subfield>
  </datafield>
  <datafield tag="999" ind1=" " ind2=" ">
    <subfield code="c">46002</subfield>
    <subfield code="d">46002</subfield>
  </datafield>
  <datafield tag="952" ind1=" " ind2=" ">
    <subfield code="0">0</subfield>
    <subfield code="1">0</subfield>
    <subfield code="2">ddc</subfield>
    <subfield code="4">0</subfield>
    <subfield code="7">0</subfield>
    <subfield code="8">NFIC</subfield>
    <subfield code="a">CUTN</subfield>
    <subfield code="b">CUTN</subfield>
    <subfield code="c">700</subfield>
    <subfield code="d">2025-10-22</subfield>
    <subfield code="l">0</subfield>
    <subfield code="o">781.629 SUR</subfield>
    <subfield code="p">48929</subfield>
    <subfield code="r">2025-10-22 15:19:27</subfield>
    <subfield code="w">2025-10-22</subfield>
    <subfield code="y">BOOKS</subfield>
  </datafield>
</record>
